Formule 1 - Motoriste valide A-Z - Statistiques

Statistiques générales
  • Ce quiz a été pris 100 fois
  • Le résultat moyen est 11 sur 26
Statistiques - réponses
Lettres Nombres Réponses % Correct
F 5 Ferrari | Fiat | Fondmetal | Ford | Ford Cosworth
92%
Q 0 N/A
92%
U 0 N/A
92%
X 0 N/A
92%
M 9 Maserati | Matra | Mecachrome | Megatron | Mercedes| Mercury | Miller | Motori Moderni | Mugen Honda
90%
R 4 R Miller | RBPT | Renault |Repco
79%
H 3 Hart | Honda | Honda RBPT | Ilmor
78%
P 5 Petronas | Peugeot |Playlife | Porsche | Pratt & Whitney
67%
B 8 BMW | Borgward | BPM | Bristol | BRM | Bugatti | Butterworth | BWT Mercedes
63%
A 7 A-T-S | Acer | Alfa Romeo | Alta | Arrows | Asiatech | Aston Martin
61%
C 8 Cadillac | Castellotti | Chevrolet | Chrysler | Climax | Conrero | Cosworth | Cummins
57%
T 5 TAG Heuer | TAG Porsche | Talbot | Tecno | Toyota
48%
J 3 Jaguar | JAP | Judd
45%
L 4 Lamborghini | Lancia | Lea Francis | Life
39%
Y 1 Yamaha
31%
S 7 Sauber | Scarab | Serenissima | Sparks | Studebaker | Subaru | Supertec
29%
D 4 De Tomaso | DeSoto | Dodge | Duray
14%
V 3 Vanwall | Veritas | Voelker
10%
O 3 Offenhauser | Osca | Osella
6%
Z 1 Zakspeed
6%
G 1 Gordini
5%
I 1 Ilmor
2%
W 2 Wayne | Weslake
1%
E 3 EMW | ERA | European
0%
K 1 Küchen
0%
N 1 Novi
0%
Aucun quiz correspondant
Distribution des résultats
% des personnes avec chaque résultat
Percentile par nombre de réponses
Votre historique - résultats
Vous n’avez pas pris ce quiz